000 00668nam a2200217Ii 4500
003 JO-AjNU
008 230605s9999||||xx |||||||||||||| ||und||
017 _a1995/10/1103
040 _aJO-AjNU
_bara
_erda
_cJO-AjNU
041 _aara
050 1 4 _aPJ7542 1996
100 3 _aحداد، سمير,
_eauthor
_949438
245 0 0 _aأغزل الغزل في الشعر العربي: شعر
250 _aط1
264 3 1 _aعمان: مركز الكتب الأردني، 1996
300 _a624ص
336 _atext
_btxt
_2rdacontent
337 _aunmediated
_bn
_2rdamedia
338 _avolume
_bnc
_2rdacarrier
650 4 _aالشعر العربي - الغزل
_949439
999 _aA21714
_c25282
_d25282